| 000 | 00364nam a2200145Ia 4500 | ||
|---|---|---|---|
| 005 | 20250509065437.0 | ||
| 008 | 240331s9999 xx 000 0 und d | ||
| 082 |
_bSOL _a891 |
||
| 245 | 0 | _aSollaatha sehikal | |
| 260 |
_aJaffna _bWomen's Study Circle _c1986 |
||
| 300 | _a42 p . , | ||
| 500 | _aA collection of Twenty Poems | ||
| 700 |
_aSangari. _eedt |
||
| 942 | _cL | ||
| 999 |
_c4315 _d4315 |
||